000 00582nam a2200181 4500
001 127347
003 ES-MaACL
005 20230906193010.0
007 t|
008 070214s1951 xxu r ||||1| eng d
100 1 _aRichardson, John S.
_996936
245 1 0 _aMethods and materials for teaching General and Physical Science /
_cby John S. Richardson and G. P. Cahoon.
250 _a1st ed.
260 _aNew York [etc.] :
_bMcGraw-Hill Book Company,
_c1951.
300 _aVIII, 485 p. :
_bil. ;
_c23 cm.
700 1 _aCahoon, G. P.
_933449
852 _aES-MaACL
_jC-5326
_bR.37583
999 _c127347
_d127347